[Event "Gibraltar ChallWk2 12th"]
[Site "Gibraltar"]
[Date "2014.02.02"]
[Round "2.30"]
[White "Omoifo, Osemekhian I"]
[Black "Georgieva, Emilia"]
[Result "1-0"]
[WhiteElo "2076"]
[BlackElo "1933"]
[PlyCount "89"]
[EventDate "2014.02.01"]
[EventType "swiss"]
[EventRounds "5"]
[EventCountry "GGB"]
[SourceTitle "BritBase"]
[Source "www.saund.co.uk"]
[SourceDate "2018.02.10"]
[SourceVersion "1"]
[SourceVersionDate "2018.02.10"]
[SourceQuality "1"]

1. e4 c6 2. d3 d5 3. Nd2 e5 4. g3 Bd6 5. Bg2 Be6 6. Ngf3 f6 7. O-O Ne7 8. d4
Nd7 9. Qe2 Qc7 10. c4 b6 11. dxe5 Nxe5 12. Nxe5 fxe5 13. cxd5 cxd5 14. exd5 Bf7
15. Ne4 O-O 16. Rd1 Bg6 17. Nxd6 Qxd6 18. Bg5 Nf5 19. Be3 Nxe3 20. Qxe3 Rac8
21. Rac1 Rc5 22. Re1 Rfc8 23. Rxc5 Rxc5 24. h4 Rc2 25. Qxe5 Qxe5 26. Rxe5 Kf8
27. d6 Be8 28. Bd5 g6 29. b4 Rd2 30. Kf1 Rd4 31. a3 Rd3 32. Ke1 Ba4 33. g4 a6
34. f3 Bb5 35. h5 Rd4 36. h6 Bd7 37. Ke2 Bb5+ 38. Ke3 Rd3+ 39. Kf4 Rd4+ 40. Kg5
Be8 41. f4 Rd3 42. f5 Rxa3 43. fxg6 hxg6 44. Re6 Bb5 45. Rxg6 1-0

[Event "Gibraltar ChallWk2 12th"]
[Site "Gibraltar"]
[Date "2014.02.02"]
[Round "2.31"]
[White "Schouten, Freek"]
[Black "Diaz Montenegro, Ignacio"]
[Result "1/2-1/2"]
[WhiteElo "2068"]
[BlackElo "1924"]
[PlyCount "100"]
[EventDate "2014.02.01"]
[EventType "swiss"]
[EventRounds "5"]
[EventCountry "GGB"]
[SourceTitle "BritBase"]
[Source "www.saund.co.uk"]
[SourceDate "2018.02.10"]
[SourceVersion "1"]
[SourceVersionDate "2018.02.10"]
[SourceQuality "1"]

1. d4 Nf6 2. c4 e6 3. Nf3 Bb4+ 4. Bd2 Qe7 5. g3 Ne4 6. Bg2 f5 7. O-O Nxd2 8.
Nbxd2 Bxd2 9. Qxd2 O-O 10. b4 d6 11. c5 Nd7 12. Rac1 c6 13. cxd6 Qxd6 14. Qb2
a5 15. b5 cxb5 16. Qxb5 f4 17. Rc2 Rf5 18. Qb2 Rb8 19. Rfc1 Rf8 20. Rc7 Nb6 21.
d5 Rf7 22. Rxf7 Kxf7 23. Qc2 h6 24. Qc7+ Qxc7 25. Rxc7+ Kf6 26. d6 fxg3 27.
hxg3 Bd7 28. Nd2 Ke5 29. Ne4 g5 30. Rc5+ Nd5 31. Rxa5 Bc6 32. e3 g4 33. Kf1 b6
34. Ra7 Nxe3+ 35. fxe3 Bxe4 36. Bxe4 Kxe4 37. Ke2 Ke5 38. d7 Kd6 39. Rb7 Ra8
40. d8=Q+ Rxd8 41. Rxb6+ Kd5 42. Rb5+ Kc4 43. Ra5 h5 44. Ra4+ Kc3 45. e4 e5 46.
Ra5 Rd2+ 47. Ke1 Rb2 48. Rxe5 Kd3 49. Rxh5 Rb1+ 50. Kf2 Rb2+ 1/2-1/2

[Event "Gibraltar ChallWk2 12th"]
[Site "Gibraltar"]
[Date "2014.02.02"]
[Round "2.32"]
[White "Sevillano Garcia, Joaquin"]
[Black "Nyland, Thomas"]
[Result "0-1"]
[WhiteElo "1914"]
[BlackElo "2047"]
[PlyCount "110"]
[EventDate "2014.02.01"]
[EventType "swiss"]
[EventRounds "5"]
[EventCountry "GGB"]
[SourceTitle "BritBase"]
[Source "www.saund.co.uk"]
[SourceDate "2018.02.10"]
[SourceVersion "1"]
[SourceVersionDate "2018.02.10"]
[SourceQuality "1"]

1. Nf3 d5 2. c4 e6 3. e3 Nf6 4. b3 Be7 5. Bb2 O-O 6. Be2 c5 7. O-O Nc6 8. d4 b6
9. Nbd2 Bb7 10. dxc5 bxc5 11. cxd5 exd5 12. Ne5 Bd6 13. Ndf3 Re8 14. Nxc6 Bxc6
15. Qc2 Rc8 16. Qf5 Ne4 17. Qg4 g6 18. Qh4 Be7 19. Qh6 f6 20. Bd3 Bf8 21. Qh4
g5 22. Qh5 Re6 23. Bxe4 Rxe4 24. Nd2 Rh4 25. Qe2 Bd6 26. g3 Rh6 27. Qg4 Bd7 28.
Qf3 Be6 29. Rfd1 g4 30. Qe2 Qe8 31. Nf1 Be5 32. Rd2 c4 33. Bd4 c3 34. Rc2 Bf5
35. Rd1 Bxc2 36. Qxc2 Qg6 37. Qc1 c2 38. Re1 Qd3 39. h4 Rg6 40. Nh2 h5 41. Nf1
Rg7 42. Bxe5 fxe5 43. e4 Qc3 44. Nd2 d4 45. Nc4 d3 46. Nd2 Rf8 47. Rf1 Rgf7 48.
Nc4 Rg7 49. Nd2 Kh7 50. Nc4 Qd4 51. Nd2 Rf6 52. Nc4 Qxe4 53. Qd2 Rgf7 54. Qg5
Qg6 55. Qe3 e4 0-1

[Event "Gibraltar ChallWk2 12th"]
[Site "Gibraltar"]
[Date "2014.02.02"]
[Round "2.33"]
[White "Othman, Mustapha"]
[Black "Nejanky, Maisa"]
[Result "1-0"]
[WhiteElo "1897"]
[BlackElo "2040"]
[PlyCount "77"]
[EventDate "2014.02.01"]
[EventType "swiss"]
[EventRounds "5"]
[EventCountry "GGB"]
[SourceTitle "BritBase"]
[Source "www.saund.co.uk"]
[SourceDate "2018.02.10"]
[SourceVersion "1"]
[SourceVersionDate "2018.02.10"]
[SourceQuality "1"]

1. e4 c5 2. Nf3 d6 3. d4 cxd4 4. Nxd4 Nf6 5. Nc3 Nc6 6. Be2 g6 7. Be3 Bg7 8.
O-O O-O 9. h3 Bd7 10. Nb3 a5 11. a3 a4 12. Nd2 Na5 13. f4 Qb8 14. Bb6 Rc8 15.
Qe1 Be6 16. f5 Bc4 17. Nxc4 Nxc4 18. Bd4 Ne5 19. fxg6 hxg6 20. Qf2 Rf8 21. Bb5
Nc6 22. Be3 Qc8 23. Rad1 Qe6 24. Qh4 Rfd8 25. Bb6 Rd7 26. Bxa4 Rxa4 27. Nxa4
Nxe4 28. Rfe1 f5 29. Nc3 Bxc3 30. bxc3 Qc4 31. Qh6 Qf7 32. Rxe4 fxe4 33. Rf1
Qg7 34. Qg5 e6 35. Rf6 Ne7 36. Rxe6 Kf7 37. Bd4 Qxd4+ 38. cxd4 Kxe6 39. Qg4+
1-0

[Event "Gibraltar ChallWk2 12th"]
[Site "Gibraltar"]
[Date "2014.02.02"]
[Round "2.34"]
[White "Danielsen, Magnus"]
[Black "Edakina, Anastasia"]
[Result "1-0"]
[WhiteElo "2032"]
[BlackElo "1756"]
[PlyCount "83"]
[EventDate "2014.02.01"]
[EventType "swiss"]
[EventRounds "5"]
[EventCountry "GGB"]
[SourceTitle "BritBase"]
[Source "www.saund.co.uk"]
[SourceDate "2018.02.10"]
[SourceVersion "1"]
[SourceVersionDate "2018.02.10"]
[SourceQuality "1"]

1. e4 c5 2. f4 d6 3. Nf3 Nf6 4. Nc3 a6 5. a4 Nc6 6. Bc4 Bg4 7. h3 Bxf3 8. Qxf3
Nd4 9. Qd1 e6 10. d3 d5 11. Ba2 Be7 12. O-O O-O 13. e5 Nd7 14. Ne2 Nb6 15. Nxd4
cxd4 16. Bb3 Nd7 17. c3 dxc3 18. bxc3 Rc8 19. Bd2 Nc5 20. Bc2 d4 21. c4 f6 22.
exf6 Bxf6 23. Qg4 Qd7 24. Rfe1 Rfe8 25. Rab1 Rc7 26. Bb4 b6 27. Bd2 Rb7 28. Bb4
Rc7 29. a5 bxa5 30. Bxa5 Rb7 31. Rxb7 Nxb7 32. Bb4 a5 33. Ba3 Nd6 34. Qd1 Qc7
35. Ba4 Re7 36. Qg4 e5 37. fxe5 Bxe5 38. Kh1 Kh8 39. Qf3 Qd8 40. Qd5 Bg3 41.
Rxe7 Qxe7 42. Qa8+ 1-0

[Event "Gibraltar ChallWk2 12th"]
[Site "Gibraltar"]
[Date "2014.02.02"]
[Round "2.35"]
[White "Perdomo Araujo, Angel Eduardo"]
[Black "Tarr, Steve F"]
[Result "1-0"]
[WhiteElo "2018"]
[BlackElo "1753"]
[PlyCount "59"]
[EventDate "2014.02.01"]
[EventType "swiss"]
[EventRounds "5"]
[EventCountry "GGB"]
[SourceTitle "BritBase"]
[Source "www.saund.co.uk"]
[SourceDate "2018.02.10"]
[SourceVersion "1"]
[SourceVersionDate "2018.02.10"]
[SourceQuality "1"]

1. e4 c5 2. Nf3 d6 3. d4 cxd4 4. Nxd4 Nf6 5. Nc3 g6 6. Be3 Bg7 7. Be2 O-O 8.
Qd2 Nc6 9. O-O-O Nxd4 10. Bxd4 Be6 11. f4 Qc8 12. h3 Bc4 13. Bf3 Rb8 14. g4 b5
15. g5 Nd7 16. Bxg7 Kxg7 17. Qd4+ Kg8 18. Bg4 Qc7 19. e5 b4 20. exd6 exd6 21.
Ne4 Be6 22. Qxd6 Rfc8 23. Qxc7 Rxc7 24. Bxe6 fxe6 25. Rxd7 Rc4 26. Nf6+ Kf8 27.
Rxh7 b3 28. axb3 Rxb3 29. Kb1 Rg3 30. Rd1 1-0

[Event "Gibraltar ChallWk2 12th"]
[Site "Gibraltar"]
[Date "2014.02.02"]
[Round "2.36"]
[White "Haddock, Paul"]
[Black "Dotan, Valeria"]
[Result "1/2-1/2"]
[WhiteElo "1649"]
[BlackElo "1979"]
[PlyCount "106"]
[EventDate "2014.02.01"]
[EventType "swiss"]
[EventRounds "5"]
[EventCountry "GGB"]
[SourceTitle "BritBase"]
[Source "www.saund.co.uk"]
[SourceDate "2018.02.10"]
[SourceVersion "1"]
[SourceVersionDate "2018.02.10"]
[SourceQuality "1"]

1. e4 c5 2. Nf3 d6 3. d4 cxd4 4. Nxd4 Nf6 5. Nc3 a6 6. Bc4 e6 7. Bb3 Be7 8. O-O
O-O 9. Be3 Bd7 10. f4 Qc7 11. Nf3 Ng4 12. Qe2 Nxe3 13. Qxe3 Nc6 14. Kh1 Na5 15.
e5 dxe5 16. Nxe5 Bc5 17. Qe4 Nc6 18. Nxd7 Qxd7 19. Rad1 Qe8 20. f5 exf5 21.
Qxf5 Qe5 22. Qxe5 Nxe5 23. Rd5 Be7 24. Rxe5 Bf6 25. Ref5 Rad8 26. Rd5 Rde8 27.
Rd7 Re7 28. Rxe7 Bxe7 29. Nd5 Bd8 30. Re1 g6 31. c3 Kg7 32. g4 Bh4 33. Re2 f5
34. gxf5 Rxf5 35. Kg2 h5 36. Kh3 Bg5 37. c4 Rf7 38. Bc2 Kh6 39. Be4 Bd8 40. Kg2
Bh4 41. b4 Bd8 42. Rf2 Rd7 43. Rf8 Kg7 44. Rf2 Bh4 45. Rf3 Bd8 46. a4 Bh4 47.
b5 axb5 48. axb5 Bd8 49. c5 Bh4 50. c6 bxc6 51. bxc6 Rd8 52. c7 Re8 53. Bd3 Ra8
{The remainder of the scoresheet is illegible} 1/2-1/2

[Event "Gibraltar ChallWk2 12th"]
[Site "Gibraltar"]
[Date "2014.02.02"]
[Round "2.37"]
[White "Oliveira, Maria Alice Ramos M"]
[Black "Adebajo, Olufemi"]
[Result "0-1"]
[WhiteElo "1487"]
[BlackElo "1979"]
[PlyCount "80"]
[EventDate "2014.02.01"]
[EventType "swiss"]
[EventRounds "5"]
[EventCountry "GGB"]
[SourceTitle "BritBase"]
[Source "www.saund.co.uk"]
[SourceDate "2018.02.10"]
[SourceVersion "1"]
[SourceVersionDate "2018.02.10"]
[SourceQuality "1"]

1. e4 c5 2. Nf3 Nc6 3. d4 cxd4 4. Nxd4 g6 5. Nc3 Bg7 6. Be3 Nf6 7. Bc4 Qa5 8.
O-O O-O 9. Bb3 d6 10. h3 Bd7 11. Re1 Rac8 12. Qd3 Ne5 13. Qe2 a6 14. Rad1 b5
15. Nd5 Nxd5 16. exd5 Rfe8 17. f4 Nc4 18. Bxc4 Rxc4 19. c3 Rcc8 20. Qf2 Qxa2
21. Ra1 Qxd5 22. Rxa6 Ra8 23. Rea1 Rxa6 24. Rxa6 Ra8 25. Rxa8+ Qxa8 26. Qe2 Qe4
27. Nf3 h6 28. Qd2 Bxh3 29. Bd4 Bf8 30. Qf2 Bd7 31. Qd2 Bc6 32. Kf2 f6 33. Be3
g5 34. fxg5 hxg5 35. Kf1 g4 36. Nd4 Bd5 37. Kg1 e5 38. Nxb5 g3 39. Nc7 Bc4 40.
Qe1 Qh4 0-1

[Event "Gibraltar ChallWk2 12th"]
[Site "Gibraltar"]
[Date "2014.02.02"]
[Round "2.38"]
[White "Oliveira, Maria Ines"]
[Black "Savage, Neil"]
[Result "1-0"]
[WhiteElo "1976"]
[BlackElo "1625"]
[PlyCount "25"]
[EventDate "2014.02.01"]
[EventType "swiss"]
[EventRounds "5"]
[EventCountry "GGB"]
[SourceTitle "BritBase"]
[Source "www.saund.co.uk"]
[SourceDate "2018.02.10"]
[SourceVersion "1"]
[SourceVersionDate "2018.02.10"]
[SourceQuality "1"]

1. e4 c5 2. Nf3 Nc6 3. d4 cxd4 4. Nxd4 e5 5. Nb5 d6 6. c4 Be7 7. N1c3 a6 8. Na3
f5 9. Bd3 f4 10. g3 fxg3 11. hxg3 Bg5 12. Qh5+ g6 13. Qxg5 1-0

[Event "Gibraltar ChallWk2 12th"]
[Site "Gibraltar"]
[Date "2014.02.03"]
[Round "3.15"]
[White "Gandrud, Vegar Koi"]
[Black "Ramirez Dominguez, Agustin"]
[Result "1-0"]
[WhiteElo "2242"]
[BlackElo "2060"]
[PlyCount "53"]
[EventDate "2014.02.01"]
[EventType "swiss"]
[EventRounds "5"]
[EventCountry "GGB"]
[SourceTitle "BritBase"]
[Source "www.saund.co.uk"]
[SourceDate "2018.02.10"]
[SourceVersion "1"]
[SourceVersionDate "2018.02.10"]
[SourceQuality "1"]
[WhiteClock "0:35:04"]
[BlackClock "0:03:36"]

1. d4 Nf6 2. c4 g6 3. Nc3 d5 4. cxd5 Nxd5 5. e4 Nxc3 6. bxc3 c5 7. Nf3 Bg7 8.
Be2 O-O 9. Rb1 cxd4 10. cxd4 Qa5+ 11. Bd2 Qxa2 12. O-O b6 13. Bg5 Bb7 14. Bd3
Qe6 15. Qd2 Rc8 16. Bf4 Qd7 17. d5 Ba6 18. Bxa6 Nxa6 19. Ne5 Bxe5 20. Bxe5 Nc5
21. Qe3 Qa4 22. Bd4 e5 23. dxe6 Nxe6 24. Ba1 Rc4 25. Qf3 Nd4 26. Qf6 Qc6 27.
Bxd4 1-0

[Event "Gibraltar ChallWk2 12th"]
[Site "Gibraltar"]
[Date "2014.02.03"]
[Round "3.16"]
[White "Scharrer, Patrick"]
[Black "Danielsen, Magnus"]
[Result "1/2-1/2"]
[WhiteElo "2220"]
[BlackElo "2032"]
[PlyCount "79"]
[EventDate "2014.02.01"]
[EventType "swiss"]
[EventRounds "5"]
[EventCountry "GGB"]
[SourceTitle "BritBase"]
[Source "www.saund.co.uk"]
[SourceDate "2018.02.10"]
[SourceVersion "1"]
[SourceVersionDate "2018.02.10"]
[SourceQuality "1"]

1. e4 d5 2. exd5 Qxd5 3. Nc3 Qd6 4. d4 Nf6 5. Nf3 g6 6. g3 Bg7 7. Bg2 Qa6 8.
Bf4 c6 9. Ne5 O-O 10. Bf1 Qb6 11. Nc4 Qd8 12. Bg2 Bg4 13. Qd2 Nbd7 14. O-O Be6
15. Ne5 Nd5 16. Nxd5 Bxd5 17. Bxd5 cxd5 18. Bh6 Nxe5 19. dxe5 Bxh6 20. Qxh6 Qc7
21. Qg5 Qxc2 22. Qxe7 Qxb2 23. Rfb1 Qd4 24. Rd1 Qb2 25. Rab1 Qxa2 26. Rxb7 Qe2
27. Rd4 a5 28. Kg2 a4 29. Rf4 Rae8 30. Qd7 Rxe5 31. Rxf7 Qe4+ 32. Kg1 Qe1+ 33.
Kg2 Qe4+ 34. f3 Qe2+ 35. Kh3 Qf1+ 36. Kg4 Re4+ 37. Kg5 Re5+ 38. Kg4 Re4+ 39.
Kg5 Re5+ 40. Kg4 1/2-1/2

[Event "Gibraltar ChallWk2 12th"]
[Site "Gibraltar"]
[Date "2014.02.03"]
[Round "3.17"]
[White "Perez Garcia, Alejandro"]
[Black "Sanchez Castillo, Sarai"]
[Result "1-0"]
[WhiteElo "2070"]
[BlackElo "2219"]
[PlyCount "47"]
[EventDate "2014.02.01"]
[EventType "swiss"]
[EventRounds "5"]
[EventCountry "GGB"]
[SourceTitle "BritBase"]
[Source "www.saund.co.uk"]
[SourceDate "2018.02.10"]
[SourceVersion "1"]
[SourceVersionDate "2018.02.10"]
[SourceQuality "1"]

1. Nf3 d5 2. g3 Nf6 3. Bg2 c6 4. b3 Bf5 5. c4 e6 6. Bb2 Nbd7 7. O-O Bd6 8. d3
Qc7 9. Nc3 dxc4 10. bxc4 e5 11. d4 Rd8 12. Nh4 Bg4 13. d5 Nb6 14. Qb3 Nfd7 15.
Ne4 Bxe2 16. Nf5 Bf8 17. d6 Qc8 18. Bh3 Bxc4 19. Qe3 Be6 20. Nxg7+ Bxg7 21. Qg5
Kf8 22. Bxe6 fxe6 23. Qe7+ Kg8 24. Qxe6+ 1-0

[Event "Gibraltar ChallWk2 12th"]
[Site "Gibraltar"]
[Date "2014.02.03"]
[Round "3.18"]
[White "Nikolaidis, Konstantinos"]
[Black "Ungureanu, Sandu"]
[Result "1-0"]
[WhiteElo "2185"]
[BlackElo "2014"]
[PlyCount "79"]
[EventDate "2014.02.01"]
[EventType "swiss"]
[EventRounds "5"]
[EventCountry "GGB"]
[SourceTitle "BritBase"]
[Source "www.saund.co.uk"]
[SourceDate "2018.02.10"]
[SourceVersion "1"]
[SourceVersionDate "2018.02.10"]
[SourceQuality "1"]

1. d4 c5 2. d5 e5 3. c4 d6 4. Nc3 g6 5. g3 Bg7 6. Bg2 f5 7. e4 Nf6 8. Nge2 Nxe4
9. Nxe4 fxe4 10. Nc3 Nd7 11. Nxe4 Nf6 12. Ng5 O-O 13. Ne6 Bxe6 14. dxe6 Rb8 15.
a4 Re8 16. Bd5 Nxd5 17. cxd5 Qa5+ 18. Bd2 Qa6 19. Qe2 b5 20. O-O Qb7 21. Qe4 b4
22. Rfe1 Rf8 23. b3 Qe7 24. Rac1 Qf6 25. Be3 Qf5 26. Rc4 Rbe8 27. Kg2 h5 28. f3
Kh7 29. f4 Qf6 30. fxe5 Qxe5 31. Qxe5 Bxe5 32. Bxc5 Bc3 33. Bxd6 Bxe1 34. Bxf8
Rxf8 35. e7 Rf2+ 36. Kg1 Re2 37. d6 h4 38. Rxh4+ Kg7 39. d7 Bf2+ 40. Kf1 1-0

[Event "Gibraltar ChallWk2 12th"]
[Site "Gibraltar"]
[Date "2014.02.03"]
[Round "3.19"]
[White "Nyland, Thomas"]
[Black "Bird, Andrew"]
[Result "1/2-1/2"]
[WhiteElo "2047"]
[BlackElo "2173"]
[PlyCount "43"]
[EventDate "2014.02.01"]
[EventType "swiss"]
[EventRounds "5"]
[EventCountry "GGB"]
[SourceTitle "BritBase"]
[Source "www.saund.co.uk"]
[SourceDate "2018.02.10"]
[SourceVersion "1"]
[SourceVersionDate "2018.02.10"]
[SourceQuality "1"]

1. e4 e6 2. d4 d5 3. Nc3 Nf6 4. exd5 exd5 5. Bd3 Bd6 6. Bg5 c6 7. Nge2 Nbd7 8.
Qd2 O-O 9. O-O b5 10. Ng3 Qc7 11. Nce2 Re8 12. b3 Ne4 13. Bxe4 dxe4 14. Nf5
Bxh2+ 15. Kh1 Nb6 16. Nxg7 Kxg7 17. Bh6+ Kh8 18. Qg5 f6 19. Qxf6+ Kg8 20. Qg5+
Kh8 21. Qf6+ Kg8 22. Qg5+ 1/2-1/2

[Event "Gibraltar ChallWk2 12th"]
[Site "Gibraltar"]
[Date "2014.02.03"]
[Round "3.20"]
[White "Jacobsen, Fredrik Beer"]
[Black "Allor, Chukwuka"]
[Result "1/2-1/2"]
[WhiteElo "1991"]
[BlackElo "2138"]
[PlyCount "66"]
[EventDate "2014.02.01"]
[EventType "swiss"]
[EventRounds "5"]
[EventCountry "GGB"]
[SourceTitle "BritBase"]
[Source "www.saund.co.uk"]
[SourceDate "2018.02.10"]
[SourceVersion "1"]
[SourceVersionDate "2018.02.10"]
[SourceQuality "1"]

1. e4 c5 2. Nc3 d6 3. g3 Nc6 4. Bg2 g6 5. d3 Bg7 6. Be3 Nd4 7. Qd2 Qa5 8. f4 e6
9. Nf3 Ne7 10. O-O Nec6 11. Rf2 Bd7 12. Nd1 Nxf3+ 13. Bxf3 Qxd2 14. Rxd2 O-O
15. c3 Rac8 16. Nf2 b6 17. Rad1 Rfd8 18. g4 h6 19. Kg2 Be8 20. Nh3 e5 21. f5 g5
22. Ng1 f6 23. Ne2 Kf7 24. Kf2 Ke7 25. Ke1 Bf7 26. c4 Rb8 27. Nc3 Rdc8 28. Rg2
h5 29. h3 h4 30. Kd2 Kd7 31. Kc1 Bf8 32. Rdd2 Be7 33. Bd1 Kc7 1/2-1/2

[Event "Gibraltar ChallWk2 12th"]
[Site "Gibraltar"]
[Date "2014.02.03"]
[Round "3.21"]
[White "Adebajo, Olufemi"]
[Black "Amgalanbaatar, Ravdanlkhumbuu"]
[Result "0-1"]
[WhiteElo "1979"]
[BlackElo "2137"]
[PlyCount "128"]
[EventDate "2014.02.01"]
[EventType "swiss"]
[EventRounds "5"]
[EventCountry "GGB"]
[SourceTitle "BritBase"]
[Source "www.saund.co.uk"]
[SourceDate "2018.02.10"]
[SourceVersion "1"]
[SourceVersionDate "2018.02.10"]
[SourceQuality "1"]

1. e4 e6 2. d4 d5 3. Nd2 Nf6 4. e5 Nfd7 5. Bd3 c5 6. c3 Nc6 7. Ngf3 g5 8. dxc5
Bxc5 9. Nb3 Be7 10. Bb5 Qc7 11. O-O g4 12. Nfd4 Ndxe5 13. Re1 Bd6 14. Be2 a6
15. Bxg4 Bd7 16. Bh5 O-O-O 17. Bg5 Rdf8 18. g3 Rhg8 19. Bh6 Re8 20. Qe2 Ng6 21.
Nxc6 Bxc6 22. Nd4 Kb8 23. Kh1 e5 24. Nxc6+ Qxc6 25. Rad1 f5 26. Qf3 e4 27. Qxf5
Re5 28. Qf7 Ne7 29. Bf4 Rf5 30. Qxe7 Bxf4 31. Qxh7 Qc8 32. Bf7 Rh8 33. Be6 Rxh7
34. Bxc8 Kxc8 35. gxf4 Rxf4 36. Kg2 Rg4+ 37. Kf1 Rg5 38. c4 dxc4 39. Rxe4 Rxh2
40. Rxc4+ Kb8 41. Rd8+ Ka7 42. Rdd4 Rf5 43. Rf4 Rd5 44. Rh4 Rxh4 45. Rxh4 Rd2
46. Rb4 b5 47. Kg2 Kb6 48. Kg3 a5 49. Rb3 b4 50. a3 Kb5 51. axb4 a4 52. Re3
Rxb2 53. Re1 a3 54. f4 a2 55. Ra1 Kxb4 56. Kg4 Ka3 57. Kg5 Rb1 58. Rxa2+ Kxa2
59. f5 Kb3 60. Kf6 Kc4 61. Ke6 Kd4 62. f6 Rb6+ 63. Kf5 Kd5 64. f7 Rb8 0-1

[Event "Gibraltar ChallWk2 12th"]
[Site "Gibraltar"]
[Date "2014.02.03"]
[Round "3.22"]
[White "Nicolas Zapata, Javier"]
[Black "Hamer, Martyn"]
[Result "1-0"]
[WhiteElo "2123"]
[BlackElo "2017"]
[PlyCount "79"]
[EventDate "2014.02.01"]
[EventType "swiss"]
[EventRounds "5"]
[EventCountry "GGB"]
[SourceTitle "BritBase"]
[Source "www.saund.co.uk"]
[SourceDate "2018.02.10"]
[SourceVersion "1"]
[SourceVersionDate "2018.02.10"]
[SourceQuality "1"]

1. e4 Nf6 2. Nc3 d5 3. d4 dxe4 4. f3 exf3 5. Nxf3 e6 6. Bg5 Be7 7. Bd3 c5 8.
dxc5 Qa5 9. Qd2 Nc6 10. O-O-O O-O 11. Kb1 Rd8 12. Qf4 Nb4 13. Bc4 Qxc5 14. Ne5
Rf8 15. Rhe1 Nbd5 16. Bxd5 Nxd5 17. Nxd5 Bxg5 18. Qxg5 exd5 19. Nd3 Qd6 20. Nf4
Be6 21. Nh5 g6 22. Nf6+ Kg7 23. Nh5+ Kg8 24. Qf6 gxh5 25. Re5 Qxe5 26. Qxe5
Rac8 27. Rd3 Rc4 28. Qxh5 Rg4 29. g3 Re4 30. b3 b5 31. h4 f6 32. Rxd5 Re1+ 33.
Rd1 Re5 34. Qh6 Bf5 35. Rf1 b4 36. g4 Be4 37. Rxf6 Rc8 38. Re6 Bxc2+ 39. Kb2
Rec5 40. Re7 1-0

[Event "Gibraltar ChallWk2 12th"]
[Site "Gibraltar"]
[Date "2014.02.03"]
[Round "3.23"]
[White "Bundesmann, Joerg"]
[Black "Perdomo Araujo, Angel Eduardo"]
[Result "1-0"]
[WhiteElo "2121"]
[BlackElo "2018"]
[PlyCount "87"]
[EventDate "2014.02.01"]
[EventType "swiss"]
[EventRounds "5"]
[EventCountry "GGB"]
[SourceTitle "BritBase"]
[Source "www.saund.co.uk"]
[SourceDate "2018.02.10"]
[SourceVersion "1"]
[SourceVersionDate "2018.02.10"]
[SourceQuality "1"]

1. d4 d5 2. c4 e6 3. Nc3 Be7 4. Bf4 Nf6 5. e3 O-O 6. Nf3 Re8 7. Rc1 c6 8. h3 b6
9. cxd5 exd5 10. Bd3 Bb7 11. O-O Nbd7 12. Re1 Nf8 13. Ne5 Ng6 14. Nxg6 hxg6 15.
g4 Bd6 16. Qf3 Nh7 17. Qg3 Be7 18. Qg2 Qd7 19. a3 Rad8 20. Be2 Ng5 21. Bg3 Qe6
22. h4 Ne4 23. g5 Nxg3 24. Qxg3 Bd6 25. Qg2 Bc8 26. Bf3 Qh3 27. Qxh3 Bxh3 28.
Na2 c5 29. Nc3 Be6 30. dxc5 Bxc5 31. b4 Bf8 32. Red1 a5 33. Rb1 axb4 34. axb4
Rc8 35. Nxd5 Rc4 36. Nxb6 Rxh4 37. b5 Bg4 38. Kg2 Bxf3+ 39. Kxf3 Be7 40. Rd5
Rb8 41. Nd7 Rb7 42. b6 Rc4 43. Re5 Bd6 44. Re8+ 1-0

[Event "Gibraltar ChallWk2 12th"]
[Site "Gibraltar"]
[Date "2014.02.03"]
[Round "3.24"]
[White "Samu, Sorin-Mihai"]
[Black "Oliveira, Maria Ines"]
[Result "0-1"]
[WhiteElo "2119"]
[BlackElo "1976"]
[PlyCount "88"]
[EventDate "2014.02.01"]
[EventType "swiss"]
[EventRounds "5"]
[EventCountry "GGB"]
[SourceTitle "BritBase"]
[Source "www.saund.co.uk"]
[SourceDate "2018.02.10"]
[SourceVersion "1"]
[SourceVersionDate "2018.02.10"]
[SourceQuality "1"]

1. c4 Nf6 2. Nc3 e6 3. e4 d5 4. e5 d4 5. Nb5 Ne4 6. Qg4 f5 7. exf6 Nxf6 8. Qxd4
Nbd7 9. Qe3 e5 10. Nf3 Bc5 11. d4 Bb4+ 12. Nc3 O-O 13. dxe5 Ng4 14. Qd3 Ndxe5
15. Qxd8 Rxd8 16. Nxe5 Nxe5 17. Bd2 Be6 18. Ne4 Rd4 19. f3 Bxd2+ 20. Nxd2 Nxc4
21. Nb3 Rd6 22. Nc5 b6 23. Ne4 Rd7 24. b3 Nd6 25. Rd1 Nxe4 26. fxe4 Rxd1+ 27.
Kxd1 Rd8+ 28. Kc2 Rf8 29. a3 Rf4 30. Bd3 Rf2+ 31. Kc3 Rxg2 32. a4 c5 33. h4 Kf7
34. a5 Rg3 35. axb6 axb6 36. Rb1 Rh3 37. h5 Rxh5 38. b4 Rh3 39. bxc5 bxc5 40.
Kd2 c4 41. Bc2 c3+ 42. Ke2 Bc4+ 43. Ke1 Rh1+ 44. Kf2 Rh2+ 0-1

[Event "Gibraltar ChallWk2 12th"]
[Site "Gibraltar"]
[Date "2014.02.03"]
[Round "3.25"]
[White "Gajic, Bozur"]
[Black "Pabalan, Rocky"]
[Result "0-1"]
[WhiteElo "1698"]
[BlackElo "2103"]
[PlyCount "83"]
[EventDate "2014.02.01"]
[EventType "swiss"]
[EventRounds "5"]
[EventCountry "GGB"]
[SourceTitle "BritBase"]
[Source "www.saund.co.uk"]
[SourceDate "2018.02.10"]
[SourceVersion "1"]
[SourceVersionDate "2018.02.10"]
[SourceQuality "1"]

1. e4 c5 2. Nf3 g6 3. d4 cxd4 4. Nxd4 Nc6 5. Nc3 Bg7 6. Be3 Nf6 7. Be2 O-O 8.
O-O d6 9. Qd2 Bd7 10. f3 Re8 11. Rad1 Qb8 12. Nd5 Nxd5 13. exd5 Bxd4 14. Bxd4
Nxd4 15. Qxd4 b5 16. c3 a5 17. a3 b4 18. h4 bxa3 19. bxa3 Qb2 20. Bd3 Rac8 21.
Rc1 Qxa3 22. Kh2 Qc5 23. Qf4 Qxd5 24. Be4 Qe5 25. Qxe5 dxe5 26. Rfd1 Be6 27.
Ra1 Rc5 28. Ra3 f5 29. Bb7 Rb8 30. Ba6 Rb6 31. Be2 Rb7 32. Ba6 Rb6 33. Be2 Rb2
34. Ba6 Rb3 35. Rda1 Rxa3 36. Rxa3 Kf7 37. Kg3 Kf6 38. Kf2 Bd5 39. g3 e4 40. f4
Bc4 41. Bxc4 Rxc4 42. Ke3 {unable to reconstruct remaining moves} 0-1

[Event "Gibraltar ChallWk2 12th"]
[Site "Gibraltar"]
[Date "2014.02.03"]
[Round "3.26"]
[White "Amos, Frank"]
[Black "Wynarczyk, Raymond"]
[Result "1-0"]
[WhiteElo "2090"]
[BlackElo "1973"]
[PlyCount "63"]
[EventDate "2014.02.01"]
[EventType "swiss"]
[EventRounds "5"]
[EventCountry "GGB"]
[SourceTitle "BritBase"]
[Source "www.saund.co.uk"]
[SourceDate "2018.02.10"]
[SourceVersion "1"]
[SourceVersionDate "2018.02.10"]
[SourceQuality "1"]

1. e4 c5 2. Nf3 e6 3. d4 cxd4 4. Nxd4 Nf6 5. Bd3 Bc5 6. Nb3 Be7 7. e5 Nd5 8.
Qg4 g6 9. Bh6 Qc7 10. Qg3 Nc6 11. O-O d6 12. Bb5 Bd7 13. Bxc6 Bxc6 14. c4 Nb6
15. Bf4 Nxc4 16. exd6 Bxd6 17. Bxd6 Qxd6 18. Qc3 Qd5 19. f3 O-O-O 20. Rc1 Ne5
21. N1d2 f5 22. Qe3 Nd3 23. Rc4 e5 24. Qxa7 Nxb2 25. Rc5 Qd6 26. Rb1 Nd3 27.
Nc4 Qb8 28. Rxc6+ Kd7 29. Rd6+ Kc7 30. Qa5+ b6 31. Rxb6 Qa8 32. Ra6+ 1-0